| 000 | 00376nam a2200157Ia 4500 | ||
|---|---|---|---|
| 008 | 221030s9999 xx 000 0 und d | ||
| 041 | _aEnglish | ||
| 082 |
_a105.23 _bGoe |
||
| 100 | _aD. P. Goel | ||
| 245 | 0 | _aPathways of Chemistry Vol II Class XII | |
| 260 |
_bPitamber Pub _aNew Delhi _c1987 |
||
| 300 | _a502 | ||
| 650 | _aChemistry | ||
| 700 | _aM. C. Jain | ||
| 942 | _cBK | ||
| 999 |
_c192 _d192 |
||